| 000 | 00636nam a22002177a 4500 | ||
|---|---|---|---|
| 005 | 20250818165054.0 | ||
| 008 | 250818b |||||||| |||| 00| 0 eng d | ||
| 037 | _cTB | ||
| 040 |
_aAL _cAL |
||
| 041 |
_2ARB _aARB |
||
| 084 |
_aQ7:25 28P9 _bAL |
||
| 100 |
_aAbuzari, Mohammad Auda _9818060 |
||
| 245 | _aKitab al-azrad | ||
| 260 |
_aCairo, Egypt: _bAl-sakafa _c2009 |
||
| 300 | _a247p. | ||
| 365 |
_b1100.00 _cINR |
||
| 650 | _aIslam | ||
| 650 | _aIslam-Hadith | ||
| 942 |
_2CC _cTB _hQ7:25 28P9 _n0 |
||
| 999 |
_c1434782 _d1434782 |
||